000 00901nam a2200241Ia 4500
001 16888
003 GE_BSU
008 181216s||||||||xx |||||||||||||| ||und||
040 _cGE_BSU
080 _a908(47+57)+ 321(47+57):172 + 629.78(47+57)(092 ტიტოვი)
100 _aტიტოვი, გ.
245 _a70 0000 კილომეტრი კოსმოსში
245 _cრედ.რ.ინანიშვილი.ილ.: შ.დოლიძე
260 _aთბილისი
260 _bნაკადული
260 _c1962
300 _a158გვ. : პორტრ. ; 20სმ.
653 _a700000 კილომეტრი კოსმოსში
653 _aისტორია
653 _aსაბჭოთა კოსმონავტიკა;
653 _aსაბჭოთა პატრიოტიზმი
942 _cBK
999 _c49952
_d49952